Wszystko co musisz wiedzieć aby zdać 1 klasę (sp) - Statystyki

Ogólne statystyki
  • Ten quiz został rozwiązany 220 razy
  • Średni wynik to 8 z 9
Statystyki odpowiedzi
Polecenie Pytanie Odpowiedź % Poprawnych
oblicz 1+1 2
100%
przetłumacz apple jabłko
97%
przeczytaj szkoła szkoła
97%
przetłumacz one jeden
96%
oblicz 2-1 1
94%
odpowiedz Ile jest osób Boskich? 3
89%
odpowiedz ile liter ma polski alfabet 32
88%
dokończ Marsz, marsz Dąbrowski... z ziemi włoskiej do Polski
85%
odpowiedz jakie jest najpopularniejsze drzewo w polsce sosna
68%
Nie znaleziono quizów pasujących do podanych kryteriów
Rozkład punktacji
Procent ludzi z każdym wynikiem
Percentyl według liczby udzielonych odpowiedzi
Twoja historia wyników
Nie rozwiązałeś tego quizu